[Event "C.to Regionale Lombardia"]
[Site "Monza ITA"]
[Date "2005.05.15"]
[Round "2"]
[White "Santelli, Francesco"]
[Black "Piantoni, Roberto"]
[Result "0-1"]
[WhiteElo "1849"]
[BlackElo "2169"]
[PlyCount "86"]
[EventDate "2005.05.14"]

1. e4 g6 2. d4 c6 3. Nf3 d5 4. Nc3 Bg7 5. e5 Bg4 6. h3 Bxf3 7. Qxf3 Qb6 8. Qd1
e6 9. Na4 Qc7 10. c4 dxc4 11. Nc3 Nd7 12. Ne4 Rd8 13. Nd6+ Ke7 14. Qf3 Nxe5 15.
dxe5 Qa5+ 16. Qc3 Qxc3+ 17. bxc3 Bxe5 18. Ne4 b5 19. Bd2 f5 20. f4 Bg7 21. Ng5
Nf6 22. Be3 Nd5 23. Bc5+ Ke8 24. O-O-O Bxc3 25. Nxe6 Rc8 26. Bd4 Bxd4 27. Rxd4
Kd7 28. Nc5+ Kd6 29. Nb7+ Kc7 30. Nc5 Rhe8 31. a3 a5 32. g4 Rcd8 33. Bg2 Kb6
34. Bxd5 Kxc5 35. Bf7 Kxd4 36. Bxe8 Rxe8 37. Rh2 Re3 38. gxf5 gxf5 39. Rd2+ Rd3
40. Re2 Rxh3 41. Re6 Kc3 42. Kd1 b4 43. axb4 axb4 0-1

[Event "C.to Regionale Lombardia"]
[Site "Monza ITA"]
[Date "2005.05.15"]
[Round "2"]
[White "Tassini, Marco"]
[Black "Bencivenga, Antonio"]
[Result "1-0"]
[WhiteElo "1691"]
[BlackElo "1476"]
[PlyCount "52"]
[EventDate "2005.05.14"]

1. d4 g6 2. c4 d6 3. Nc3 Nf6 4. e4 Bg7 5. Be2 O-O 6. Nf3 Nc6 7. Bg5 h6 8. Be3
e5 9. d5 Nb8 10. Qd2 Kh7 11. h3 c6 12. g4 Rh8 13. g5 hxg5 14. Bxg5 cxd5 15.
Nxd5 Nbd7 16. O-O-O Nxe4 17. Bxd8 Nxd2 18. Ng5+ Kg8 19. Rxd2 f6 20. Ne4 Nc5 21.
Nxd6 Rxh3 22. Rxh3 Bxh3 23. Bxf6 Bh6 24. f4 exf4 25. Bf3 Rb8 26. Rh2 Nd3+ 1-0

[Event "C.to Regionale Lombardia"]
[Site "Monza ITA"]
[Date "2005.05.15"]
[Round "2"]
[White "Viale, Fabio"]
[Black "Peluso, Lorenzo"]
[Result "1-0"]
[WhiteElo "1595"]
[BlackElo "1428"]
[PlyCount "79"]
[EventDate "2005.05.14"]

1. d4 c6 2. c4 d5 3. Nf3 Nf6 4. Nc3 Bg4 5. Ne5 e6 6. Nxg4 Nxg4 7. e3 Nf6 8. Bd3
Bb4 9. O-O O-O 10. Qc2 c5 11. cxd5 Bxc3 12. bxc3 cxd4 13. dxe6 fxe6 14. Qb3
Nbd7 15. Qxe6+ Kh8 16. cxd4 Nc5 17. Qc4 Nxd3 18. Qxd3 Rc8 19. Bd2 Qd7 20. Rfc1
Rce8 21. Rc2 Ng4 22. f3 Ne5 23. Qf1 Qa4 24. Rc3 Ng4 25. h3 Nf6 26. Qc4 Qd7 27.
Qc7 Qc8 28. Qxc8 Rxc8 29. Rac1 Rxc3 30. Rxc3 b5 31. e4 Rd8 32. d5 h6 33. Rc5 a6
34. Bc3 Nd7 35. Rc7 Kg8 36. Bd4 a5 37. a3 b4 38. axb4 axb4 39. Rb7 b3 40. Rxb3
1-0

[Event "C.to Regionale Lombardia"]
[Site "Monza ITA"]
[Date "2005.05.15"]
[Round "2"]
[White "Vignoli, Matteo"]
[Black "Rinaldo, Andrea"]
[Result "1/2-1/2"]
[WhiteElo "1978"]
[BlackElo "1748"]
[PlyCount "43"]
[EventDate "2005.05.14"]

1. e4 e6 2. d4 d5 3. Nc3 Nf6 4. e5 Nfd7 5. f4 c5 6. Nce2 Qb6 7. c3 Nc6 8. Nf3
Be7 9. g4 cxd4 10. cxd4 Bb4+ 11. Nc3 f6 12. a3 Be7 13. h4 fxe5 14. fxe5 O-O 15.
Na4 Qc7 16. Bg5 Ndxe5 17. Nxe5 Nxe5 18. dxe5 Qxe5+ 19. Be2 Bxg5 20. hxg5 Qg3+
21. Kd2 Qf4+ 22. Ke1 1/2-1/2

[Event "C.to Regionale Lombardia"]
[Site "Monza ITA"]
[Date "2005.05.15"]
[Round "3"]
[White "Azzoni, Silvia"]
[Black "Lamera, Giuseppe"]
[Result "1/2-1/2"]
[WhiteElo "1568"]
[BlackElo "1440"]
[PlyCount "72"]
[EventDate "2005.05.14"]

1. e4 d6 2. Nc3 c6 3. d4 Nf6 4. Bg5 Nbd7 5. Bc4 e5 6. dxe5 Nxe5 7. Bb3 Be7 8.
Nf3 Bg4 9. Qe2 Nh5 10. Bxe7 Qxe7 11. Qe3 Qf6 12. Nxe5 Qxe5 13. f3 Nf4 14. O-O-O
Nxg2 15. Qf2 Qf4+ 16. Kb1 Bxf3 17. Rxd6 O-O 18. Rf1 Nh4 19. Rd7 b5 20. e5 Qxe5
21. Qxh4 Qf5 22. Rd3 Qh5 23. Qxh5 Bxh5 24. Rd6 c5 25. Bd5 Rab8 26. Ne4 c4 27.
Rd7 Bg6 28. Ng5 Rbe8 29. a3 Re2 30. Bxf7+ Bxf7 31. Rfxf7 Rfe8 32. Rxg7+ Kh8 33.
Rxh7+ Kg8 34. Rhg7+ Kh8 35. Nh7 Rg8 36. Rgf7 Reg2 1/2-1/2

[Event "C.to Regionale Lombardia"]
[Site "Monza ITA"]
[Date "2005.05.15"]
[Round "3"]
[White "Bencivenga, Antonio"]
[Black "Fornari, Sergio"]
[Result "0-1"]
[WhiteElo "1476"]
[BlackElo "1403"]
[PlyCount "110"]
[EventDate "2005.05.14"]

1. d4 d5 2. Nf3 Nf6 3. e3 Bf5 4. Bd3 Bxd3 5. Qxd3 e6 6. Qb5+ Nbd7 7. Qxb7 Bd6
8. Qa6 Qe7 9. Qe2 e5 10. dxe5 Nxe5 11. Nbd2 O-O 12. O-O Ne4 13. Nxe5 Nxd2 14.
Bxd2 Qxe5 15. f4 Qe4 16. Bc3 Bc5 17. Rae1 Rfe8 18. Qg4 Qg6 19. Qxg6 hxg6 20.
Bd2 Re4 21. c3 f5 22. h4 Kf7 23. Rf3 Rh8 24. Rh3 Be7 25. g3 g5 26. fxg5 Bxg5
27. Rf1 Ke6 28. Rf3 Rg4 29. Kg2 c5 30. hxg5 Rxh3 31. Kxh3 Rxg5 32. Kg2 Rh5 33.
Rf4 g5 34. Ra4 Rh7 35. Ra6+ Ke5 36. b4 c4 37. b5 Rb7 38. a4 Ke4 39. Rd6 Ke5 40.
Rc6 g4 41. Kf2 Rh7 42. Kg2 Ke4 43. Rc5 Rd7 44. a5 Kd3 45. Be1 Kxe3 46. Bf2+ Kd3
47. Rc6 Kxc3 48. Ra6 d4 49. b6 axb6 50. Rxb6 d3 51. Rb1 d2 52. a6 d1=Q 53. Rxd1
Rxd1 54. Bb6 Ra1 55. a7 Kd3 0-1

[Event "C.to Regionale Lombardia"]
[Site "Monza ITA"]
[Date "2005.05.15"]
[Round "3"]
[White "Biava, Pierluigi"]
[Black "Vignoli, Matteo"]
[Result "0-1"]
[WhiteElo "1739"]
[BlackElo "1978"]
[PlyCount "80"]
[EventDate "2005.05.14"]

1. d4 Nf6 2. Bg5 g6 3. e3 Bg7 4. c4 d6 5. Nc3 O-O 6. Be2 c5 7. Nf3 Nc6 8. d5
Na5 9. Qc2 a6 10. a4 Qc7 11. Nd2 e6 12. h4 h6 13. Bf4 exd5 14. Nxd5 Nxd5 15.
cxd5 Bf5 16. e4 Bd7 17. Rc1 b6 18. b4 Nb7 19. b5 axb5 20. Bxb5 Bxb5 21. axb5
Na5 22. O-O h5 23. Rfe1 Rfe8 24. Nf3 Rac8 25. Qe2 Nb3 26. Rc4 Nd4 27. Nxd4 Bxd4
28. Rd1 Be5 29. Qe3 Bxf4 30. Qxf4 Qd7 31. Rb1 Ra8 32. Qf6 Qe7 33. Qf4 Ra5 34.
g4 Qxh4 35. Qxd6 Ra2 36. Qf4 g5 37. Qf5 hxg4 38. e5 Rxe5 39. Qc8+ Kg7 40. Rf1
Re1 0-1

[Event "C.to Regionale Lombardia"]
[Site "Monza ITA"]
[Date "2005.05.15"]
[Round "3"]
[White "Cardani, Roberto"]
[Black "Mazzarelli, Donato"]
[Result "1-0"]
[WhiteElo "1840"]
[BlackElo "1578"]
[PlyCount "65"]
[EventDate "2005.05.14"]

1. e4 e5 2. Nf3 Nc6 3. Bb5 a6 4. Ba4 b5 5. Bb3 Nf6 6. O-O Be7 7. Re1 d6 8. c3
O-O 9. h3 Na5 10. Bc2 c5 11. d4 cxd4 12. cxd4 Qc7 13. Nbd2 Bd7 14. Nf1 Rac8 15.
Ne3 Nc4 16. Nxc4 Qxc4 17. Bd3 Qc7 18. dxe5 dxe5 19. Bg5 Be6 20. Qe2 Rfd8 21. a4
Bc4 22. Bxc4 bxc4 23. Rac1 Bb4 24. Red1 Rxd1+ 25. Rxd1 Ne8 26. Nh4 f6 27. Be3
Qb7 28. Qg4 Bf8 29. Qe6+ Kh8 30. Rd7 Qa8 31. Nf5 Rc6 32. Qd5 Rc8 33. Qf7 1-0

[Event "C.to Regionale Lombardia"]
[Site "Monza ITA"]
[Date "2005.05.15"]
[Round "3"]
[White "Damia, Angelo"]
[Black "D'Apa, Matteo"]
[Result "1-0"]
[WhiteElo "2110"]
[BlackElo "1993"]
[PlyCount "47"]
[EventDate "2005.05.14"]

1. e4 e5 2. Nf3 Nc6 3. d4 exd4 4. Nxd4 Bc5 5. Nf5 Qf6 6. Nc3 Nge7 7. Ne3 O-O 8.
Bd3 d6 9. O-O Ne5 10. Kh1 Qh4 11. f4 Bxe3 12. Bxe3 Ng4 13. Bg1 f5 14. Qe1 Qh6
15. Nd5 Ng6 16. exf5 Bxf5 17. Bxf5 Rae8 18. Be6+ Kh8 19. Nxc7 Nxf4 20. Nxe8
Rxe8 21. Rxf4 Qxf4 22. Qf1 Qg5 23. Bxg4 Qxg4 24. Re1 1-0

[Event "C.to Regionale Lombardia"]
[Site "Monza ITA"]
[Date "2005.05.15"]
[Round "3"]
[White "Di Mauro, Valerio"]
[Black "Mannoni, Luigi"]
[Result "0-1"]
[WhiteElo "1586"]
[BlackElo "1637"]
[PlyCount "54"]
[EventDate "2005.05.14"]

1. e4 e5 2. Nf3 Nc6 3. d4 exd4 4. Bc4 Bb4+ 5. c3 dxc3 6. O-O h6 7. a3 Ba5 8. b4
Bb6 9. Nxc3 d6 10. Qb3 Qf6 11. Nd5 Qg6 12. Nf4 Qf6 13. Bb2 Qxf4 14. Bxg7 Rh7
15. Bb2 Bd7 16. h3 h5 17. Bc1 Qf6 18. Bg5 Qg6 19. Kh2 Nge7 20. Rad1 O-O-O 21.
a4 a6 22. a5 Ba7 23. b5 Nxa5 24. Qa2 Nxc4 25. Qxc4 Bxb5 26. Qc3 Bxf1 27. Bxe7
Qxg2# 0-1

[Event "C.to Regionale Lombardia"]
[Site "Monza ITA"]
[Date "2005.05.15"]
[Round "3"]
[White "Faccio, Fabio"]
[Black "Viale, Fabio"]
[Result "0-1"]
[WhiteElo "1952"]
[BlackElo "1595"]
[PlyCount "71"]
[EventDate "2005.05.14"]

1. e4 g6 2. d4 Bg7 3. Nf3 d6 4. Be3 c6 5. Nc3 Nd7 6. Qd2 Qc7 7. Be2 Ngf6 8. O-O
O-O 9. Bh6 Re8 10. Bxg7 Kxg7 11. Rfe1 e5 12. Bf1 a6 13. a4 b6 14. g3 Bb7 15.
Bg2 b5 16. a5 Rad8 17. b4 c5 18. bxc5 dxc5 19. d5 c4 20. Nh4 Qc5 21. Qg5 Kh8
22. Qe3 Qxe3 23. Rxe3 Nc5 24. f4 exf4 25. Ree1 fxg3 26. hxg3 Ng4 27. Bh3 Ne5
28. Rad1 g5 29. Nf5 Nf3+ 30. Kf2 Nxe1 31. Rxe1 Bc8 32. e5 Bxf5 33. Bxf5 Nd7 34.
Rh1 Nf8 35. Rh5 Rxe5 36. Rxg5 0-1

[Event "C.to Regionale Lombardia"]
[Site "Monza ITA"]
[Date "2005.05.15"]
[Round "3"]
[White "Giuberchio, Cesare"]
[Black "Redaelli, Gianfranco"]
[Result "1-0"]
[WhiteElo "1973"]
[BlackElo "1622"]
[PlyCount "49"]
[EventDate "2005.05.14"]

1. e4 c5 2. Nf3 e6 3. d4 cxd4 4. Nxd4 Nc6 5. Nc3 Be7 6. Be3 Nf6 7. Be2 e5 8.
Nf5 O-O 9. Nxe7+ Qxe7 10. Bg5 h6 11. Nd5 Qd8 12. Bxf6 gxf6 13. Bc4 Ne7 14.
Nxf6+ Kg7 15. Ng4 Ng6 16. Qd6 Qg5 17. Ne3 Nf4 18. O-O-O f5 19. Qxe5+ Rf6 20.
Nxf5+ Kg6 21. Qe8+ Kh7 22. h4 Nd3+ 23. Kb1 Qg4 24. Qe7+ Kg6 25. Qg7+ 1-0

[Event "C.to Regionale Lombardia"]
[Site "Monza ITA"]
[Date "2005.05.15"]
[Round "3"]
[White "Kokosar, Oliviero"]
[Black "Nardone, Massimo"]
[Result "0-1"]
[WhiteElo "1499"]
[BlackElo "1903"]
[PlyCount "84"]
[EventDate "2005.05.14"]

1. c4 f5 2. e3 Nf6 3. Nc3 g6 4. b3 Bg7 5. Bb2 O-O 6. Nge2 d6 7. g3 e5 8. d3 c6
9. Bg2 Na6 10. a3 Nc7 11. O-O Ne6 12. b4 f4 13. exf4 exf4 14. gxf4 Nh5 15. d4
Nexf4 16. Nxf4 Nxf4 17. Ne2 Qg5 18. Nxf4 Rxf4 19. Qb3 Bxd4 20. Bxd4 Rxd4 21.
Rae1 Bf5 22. Kh1 Bd3 23. Rg1 Bxc4 24. Qc3 Rh4 25. Re3 Bd5 26. Rd3 Bxg2+ 27.
Rxg2 Qe7 28. Re3 Re4 29. Rgg3 Rf8 30. Kg2 d5 31. Qb3 Rf5 32. h3 Kf7 33. Rg4
Rxe3 34. fxe3 Qe5 35. e4 Rg5 36. Qf3+ Ke7 37. exd5 Rxg4+ 38. hxg4 Qxd5 39. Kg3
Qxf3+ 40. Kxf3 h5 41. gxh5 gxh5 42. Kf4 b6 0-1

[Event "C.to Regionale Lombardia"]
[Site "Monza ITA"]
[Date "2005.05.15"]
[Round "3"]
[White "Lanni, Vincenzo"]
[Black "Cardona, Paolo"]
[Result "1/2-1/2"]
[WhiteElo "1625"]
[BlackElo "1898"]
[PlyCount "84"]
[EventDate "2005.05.14"]

1. d4 d5 2. g3 Nf6 3. Bg2 e6 4. Nf3 Be7 5. O-O O-O 6. c3 Nbd7 7. Nbd2 c5 8. Qc2
Qc7 9. e4 dxe4 10. Nxe4 Nd5 11. dxc5 Nxc5 12. Nxc5 Qxc5 13. c4 Nb4 14. Qe2 Bf6
15. a3 Nc6 16. b4 Qh5 17. Bb2 Bxb2 18. Qxb2 f6 19. b5 Nd8 20. Rad1 e5 21. Qb4
Bh3 22. Bxh3 Qxh3 23. c5 Qh5 24. Qb3+ Kh8 25. Rd5 h6 26. Rfd1 Ne6 27. Kg2 Qg4
28. Kh1 Rac8 29. Nh4 Nd4 30. Qd3 Rfe8 31. f3 Qh5 32. Rd7 Rxc5 33. Ng6+ Kg8 34.
Ne7+ Kf8 35. Ng6+ Kg8 36. Ne7+ Kf7 37. Nc6+ Kf8 38. Nxd4 exd4 39. Rxd4 Rxb5 40.
Rd7 Qf5 41. Qxf5 Rxf5 42. Rxb7 Re7 1/2-1/2

[Event "C.to Regionale Lombardia"]
[Site "Monza ITA"]
[Date "2005.05.15"]
[Round "3"]
[White "Madaschi, Sergio"]
[Black "Santelli, Francesco"]
[Result "0-1"]
[WhiteElo "1604"]
[BlackElo "1849"]
[PlyCount "59"]
[EventDate "2005.05.14"]

1. e4 c5 2. Nf3 Nc6 3. d4 cxd4 4. Nxd4 e5 5. Nb5 d6 6. N1c3 a6 7. Na3 b5 8. Nd5
Nf6 9. Bg5 Be7 10. Nxf6+ Bxf6 11. Bxf6 Qxf6 12. c3 O-O 13. Be2 Qg6 14. Bf3 Be6
15. Qxd6 Rac8 16. Qd1 Rfd8 17. Qe2 b4 18. cxb4 Nd4 19. Qe3 Bc4 20. b3 Bb5 21.
Rc1 Nxf3+ 22. gxf3 Qg2 23. Nc4 Qxh1+ 24. Ke2 Qxh2 25. a4 Bxc4+ 26. bxc4 Qf4 27.
Qxf4 exf4 28. e5 Rd4 29. b5 axb5 30. axb5 0-1

[Event "C.to Regionale Lombardia"]
[Site "Monza ITA"]
[Date "2005.05.15"]
[Round "3"]
[White "Manca, Renato"]
[Black "Bertrecchi, Corrado"]
[Result "1-0"]
[WhiteElo "1808"]
[BlackElo "1425"]
[PlyCount "95"]
[EventDate "2005.05.14"]

1. e4 d6 2. d4 Nf6 3. Bc4 c6 4. f3 h6 5. Ne2 g5 6. O-O g4 7. Ng3 gxf3 8. Qxf3
Bg4 9. Qb3 Qb6 10. Bxf7+ Kd8 11. Qd3 Nbd7 12. Kh1 Rh7 13. Bb3 e5 14. Be3 Qc7
15. dxe5 Nxe5 16. Qd2 Qg7 17. Qf2 Be7 18. Nd2 Kc7 19. Bxa7 c5 20. Bxc5 dxc5 21.
Nc4 Nfd7 22. Ne3 Nf6 23. Ngf5 Bxf5 24. Qxf5 Nfd7 25. Nd5+ Kd8 26. Rad1 Ra6 27.
Nxe7 Kxe7 28. Rd5 Rf6 29. Rxe5+ Nxe5 30. Qxe5+ Kd7 31. Rxf6 Kc8 32. Be6+ Kd8
33. Qd6+ Ke8 34. Bf7+ Qxf7 35. Rxf7 Rxf7 36. Kg1 Rd7 37. Qxc5 Rd1+ 38. Kf2 Rd7
39. Qh5+ Rf7+ 40. Ke3 Ke7 41. Qxh6 Ke8 42. Qe6+ Kf8 43. Qxf7+ Kxf7 44. Kf4 Kf6
45. g4 Kg6 46. h4 Kg7 47. e5 Kg6 48. h5+ 1-0

[Event "C.to Regionale Lombardia"]
[Site "Monza ITA"]
[Date "2005.05.15"]
[Round "3"]
[White "Marchesotti, Giovanni"]
[Black "Romano, Zeno"]
[Result "0-1"]
[WhiteElo "1499"]
[BlackElo "1767"]
[PlyCount "80"]
[EventDate "2005.05.14"]

1. e4 e5 2. Nf3 Nc6 3. Bb5 a6 4. Ba4 Nf6 5. d3 b5 6. Bb3 Be7 7. Bd2 d6 8. h3
O-O 9. O-O Na5 10. Bxa5 Bb7 11. c4 Qd7 12. cxb5 axb5 13. Bd2 h6 14. Nc3 Kh8 15.
Be3 Nh7 16. g4 h5 17. Nh2 hxg4 18. Qxg4 f5 19. exf5 Rxf5 20. Ne4 Raf8 21. f3
Qe8 22. Be6 Nf6 23. Nxf6 R5xf6 24. Bg5 Rg6 25. Qh5+ Rh6 26. Qxe8 Rxe8 27. Bxh6
gxh6 28. Ng4 d5 29. Nxh6 Bc5+ 30. Kh2 Rxe6 31. Nf7+ Kg7 32. Nd8 Rb6 33. Ne6+
Rxe6 34. Rac1 Bd6 35. Rg1+ Kh6 36. Rg8 e4+ 37. Kh1 exd3 38. Rcg1 Be5 39. R1g4
Kh7 40. R8g5 d2 0-1

[Event "C.to Regionale Lombardia"]
[Site "Monza ITA"]
[Date "2005.05.15"]
[Round "3"]
[White "Merlini, Luigi"]
[Black "Bergonzoni, Carlo"]
[Result "1/2-1/2"]
[WhiteElo "1456"]
[BlackElo "1509"]
[PlyCount "46"]
[EventDate "2005.05.14"]

1. e4 c5 2. Nf3 e6 3. d4 cxd4 4. Nxd4 Nf6 5. Nc3 d6 6. Bg5 Be7 7. Be2 O-O 8.
Qd2 a6 9. O-O b5 10. a3 Bb7 11. Bd3 e5 12. Nf5 Nbd7 13. Nxe7+ Qxe7 14. Rae1
Rac8 15. f4 h6 16. Bh4 exf4 17. Bxf6 Nxf6 18. Qxf4 Qe5 19. Qd2 Ng4 20. Rf4 Qd4+
21. Kh1 Ne5 22. Ref1 Nxd3 23. cxd3 Rc7 1/2-1/2

[Event "C.to Regionale Lombardia"]
[Site "Monza ITA"]
[Date "2005.05.15"]
[Round "3"]
[White "Milan, Paolo"]
[Black "Fiorili, Roberto"]
[Result "0-1"]
[WhiteElo "1883"]
[BlackElo "1742"]
[PlyCount "87"]
[EventDate "2005.05.14"]

1. d4 d5 2. Nf3 Nf6 3. e3 Bg4 4. Be2 e6 5. Nbd2 c5 6. h3 Bh5 7. O-O Nc6 8. c3
cxd4 9. exd4 Bd6 10. Ng5 Bg6 11. Ngf3 O-O 12. Nh4 Ne7 13. Nxg6 Nxg6 14. Nf3 Nd7
15. Bd3 f6 16. Bxg6 hxg6 17. Qd3 g5 18. g4 Rc8 19. h4 gxh4 20. Nxh4 Re8 21. f4
Nf8 22. Kg2 e5 23. Bd2 e4 24. Qh3 Kf7 25. g5 Ne6 26. g6+ Ke7 27. Nf5+ Kd7 28.
Nxg7 Re7 29. Nxe6 Rxe6 30. f5 Re7 31. Rh1 Kc6 32. Qh6 Qd7 33. Raf1 Rg8 34. Qh4
e3 35. Be1 Rf8 36. Rf3 Re4 37. Qh3 Rfe8 38. Bg3 Bxg3 39. Qxg3 e2 40. Qe1 Rg4+
41. Kf2 Qd6 42. b3 Ree4 43. b4 Rgf4 44. Qd2 0-1

[Event "C.to Regionale Lombardia"]
[Site "Monza ITA"]
[Date "2005.05.15"]
[Round "3"]
[White "Molteni, Costantino"]
[Black "Lapiccirella, Mattia"]
[Result "0-1"]
[WhiteElo "1986"]
[BlackElo "2220"]
[PlyCount "72"]
[EventDate "2005.05.14"]

1. Nf3 c5 2. c4 Nf6 3. g3 b6 4. Bg2 Bb7 5. O-O e6 6. b3 Be7 7. Bb2 O-O 8. Nc3
a6 9. d4 cxd4 10. Nxd4 Bxg2 11. Kxg2 Qc7 12. e4 d6 13. Rc1 Qb7 14. Qe2 Nc6 15.
Nxc6 Qxc6 16. Rfd1 Rac8 17. f3 Rfd8 18. Rd2 Ne8 19. Rcd1 Bf6 20. Na4 b5 21.
Bxf6 gxf6 22. Nb2 Qb6 23. cxb5 axb5 24. a4 bxa4 25. bxa4 Rc3 26. Rc2 Rdc8 27.
Rdc1 Qb3 28. Rxc3 Rxc3 29. Rxc3 Qxc3 30. Qb5 Nc7 31. Qb6 d5 32. exd5 Nxd5 33.
Qb5 Qd2+ 34. Kh3 Ne3 35. Qb8+ Kg7 36. g4 e5 0-1

[Event "C.to Regionale Lombardia"]
[Site "Monza ITA"]
[Date "2005.05.15"]
[Round "3"]
[White "Olivo, Mario"]
[Black "Gabetto, Flaviano"]
[Result "0-1"]
[WhiteElo "1799"]
[BlackElo "2136"]
[PlyCount "111"]
[EventDate "2005.05.14"]

1. Nf3 Nf6 2. g3 g6 3. Bg2 Bg7 4. c4 d6 5. Nc3 O-O 6. d3 c5 7. O-O Nc6 8. Bg5
h6 9. Bd2 e6 10. Qc1 Kh7 11. e4 a5 12. b3 Ne8 13. Rb1 Nc7 14. a3 Rb8 15. a4 Nb4
16. Ne1 e5 17. Be3 Ne6 18. Nb5 Ng5 19. h4 Ne6 20. f4 exf4 21. Bxf4 Nxf4 22.
Qxf4 Be5 23. Qe3 Bd7 24. Kh1 Bxb5 25. axb5 a4 26. bxa4 Ra8 27. Bh3 Rxa4 28. Ng2
Ra3 29. Rbd1 Qe7 30. Nf4 Rfa8 31. h5 g5 32. Bf5+ Kg7 33. Nd5 Nxd5 34. exd5 Ra2
35. Qe4 b6 36. Rf3 Rb2 37. Be6 Raa2 38. Rxf7+ Qxf7 39. Bxf7 Rh2+ 40. Kg1 Bd4+
41. Qxd4+ cxd4 42. Bg6 Rag2+ 43. Kf1 Rxg3 44. Re1 Re3 45. Kg1 Rxe1+ 46. Kxh2
Re3 47. Kg2 Kf6 48. Kf2 Ke5 49. Kg2 Kf4 50. Be4 Kg4 51. Bg6 Re2+ 52. Kf1 Kf3
53. Be4+ Ke3 54. Bg6 g4 55. c5 bxc5 56. Bf5 0-1

[Event "C.to Regionale Lombardia"]
[Site "Monza ITA"]
[Date "2005.05.15"]
[Round "3"]
[White "Panaio, Luigi"]
[Black "Folcini, Gaddo"]
[Result "0-1"]
[WhiteElo "1416"]
[BlackElo "1502"]
[PlyCount "82"]
[EventDate "2005.05.14"]

1. e4 e5 2. Nf3 d5 3. Nc3 d4 4. Ne2 Nc6 5. d3 Bg4 6. Ng3 Qd7 7. Be2 O-O-O 8.
O-O Be7 9. c3 h5 10. Ng5 Bxe2 11. Nxe2 Bxg5 12. Bxg5 f6 13. Bh4 g5 14. Bxg5
fxg5 15. Qa4 dxc3 16. Nxc3 Qg4 17. Nb5 Kb8 18. Rac1 Nge7 19. Rc3 a6 20. Na3 Nd4
21. Re1 Ne2+ 22. Rxe2 Qxe2 23. g3 Rxd3 24. Rxd3 Qxd3 25. Qb4 Nc6 26. Qc4 Rd8
27. Qxd3 Rxd3 28. Nc4 Rd1+ 29. Kg2 Rc1 30. Ne3 g4 31. h4 Re1 32. Nf5 Rxe4 33.
Ng7 Re2 34. Nxh5 Rxb2 35. Nf6 Rb4 36. h5 Ne7 37. h6 Ng6 38. Nd5 Rd4 39. h7 Rxd5
40. f3 gxf3+ 41. Kxf3 Rd7 0-1

[Event "C.to Regionale Lombardia"]
[Site "Monza ITA"]
[Date "2005.05.15"]
[Round "3"]
[White "Paniga, Danilo"]
[Black "Scuderi, David"]
[Result "0-1"]
[WhiteElo "1665"]
[BlackElo "2004"]
[PlyCount "74"]
[EventDate "2005.05.14"]

1. d4 Nf6 2. Nf3 c5 3. e3 cxd4 4. exd4 d5 5. Bd3 Nc6 6. O-O Bg4 7. c3 e6 8.
Nbd2 Bd6 9. Qc2 Rc8 10. Qb1 h6 11. Re1 O-O 12. Ne5 Bxe5 13. dxe5 Nd7 14. f4 Nc5
15. Nf1 Nxd3 16. Qxd3 Bf5 17. Qe2 d4 18. Ng3 Bg6 19. Rd1 Qb6 20. cxd4 Nxd4 21.
Qf2 Nc2 22. Qxb6 axb6 23. Rb1 Rfd8 24. Bd2 Nd4 25. Ra1 Bc2 26. Re1 Nb3 27. axb3
Rxd2 28. Rac1 Rcd8 29. Ne4 Bxe4 30. Rxe4 Rxb2 31. Rec4 Rdd2 32. Rc7 Rxg2+ 33.
Kh1 Rxh2+ 34. Kg1 Rh4 35. Rxb7 Rxb3 36. Kg2 Rxf4 37. Rcc7 b5 0-1

[Event "C.to Regionale Lombardia"]
[Site "Monza ITA"]
[Date "2005.05.15"]
[Round "3"]
[White "Peluso, Lorenzo"]
[Black "Pisani, Gennaro"]
[Result "1/2-1/2"]
[WhiteElo "1428"]
[BlackElo "1526"]
[PlyCount "56"]
[EventDate "2005.05.14"]

1. e4 c5 2. c3 e5 3. Nf3 d6 4. d4 cxd4 5. cxd4 exd4 6. Nxd4 Nf6 7. Nc3 Bg4 8.
Be3 Qd7 9. Bb5 Bxd1 10. Bxd7+ Nbxd7 11. Nxd1 Nc5 12. O-O Nd3 13. Nc3 a6 14.
Rad1 Ne5 15. Nd5 Nxd5 16. exd5 Be7 17. Nf5 Rg8 18. Bf4 g6 19. Bxe5 gxf5 20. Bf4
Kd7 21. Rc1 Rac8 22. Rxc8 Rxc8 23. Rc1 Rxc1+ 24. Bxc1 Bf6 25. b3 Bd4 26. Kf1
Kc7 27. Bf4 Be5 28. Bd2 Kb6 1/2-1/2

[Event "C.to Regionale Lombardia"]
[Site "Monza ITA"]
[Date "2005.05.15"]
[Round "3"]
[White "Perissinotto, Claudio"]
[Black "Tassini, Marco"]
[Result "1/2-1/2"]
[WhiteElo "2098"]
[BlackElo "1691"]
[PlyCount "106"]
[EventDate "2005.05.14"]

1. e4 c5 2. Nf3 Nc6 3. d4 cxd4 4. Nxd4 e6 5. Nc3 a6 6. Be2 Nge7 7. O-O Nxd4 8.
Qxd4 Nc6 9. Qd1 Qc7 10. Be3 Be7 11. Na4 b5 12. Nb6 Rb8 13. Nxc8 Qxc8 14. Bf4
Rb7 15. a4 O-O 16. axb5 axb5 17. Bd6 Rd8 18. c3 Bf6 19. f4 Re8 20. e5 Be7 21.
Bxe7 Nxe7 22. Bd3 Qc5+ 23. Kh1 Nd5 24. Qh5 g6 25. Qh6 Qf8 26. Qxf8+ Kxf8 27.
Be4 Rb6 28. Bxd5 exd5 29. Rfd1 d6 30. Rxd5 dxe5 31. fxe5 Ke7 32. Kg1 Rc8 33.
Ra7+ Ke6 34. Rd6+ Rxd6 35. exd6 Rc5 36. d7 Rd5 37. Rb7 Ke7 38. d8=Q+ Kxd8 39.
Rxf7 h6 40. Rf6 Rd1+ 41. Kf2 Rd2+ 42. Kf3 Rxb2 43. Rxg6 Rb3 44. Rxh6 Rxc3+ 45.
Ke4 Kc7 46. Kd4 b4 47. Rg6 Rc2 48. Kd3 b3 49. Rg4 Kc6 50. h4 Rc1 51. Rb4 Rg1
52. g4 Kc5 53. Rxb3 Rxg4 1/2-1/2

[Event "C.to Regionale Lombardia"]
[Site "Monza ITA"]
[Date "2005.05.15"]
[Round "3"]
[White "Piantoni, Roberto"]
[Black "Rossi, Giampiero"]
[Result "1-0"]
[WhiteElo "2169"]
[BlackElo "2030"]
[PlyCount "71"]
[EventDate "2005.05.14"]

1. Nf3 d5 2. g3 c6 3. Bg2 Nf6 4. O-O Bf5 5. d3 h6 6. b3 e6 7. Bb2 Be7 8. c4 O-O
9. Nbd2 Nbd7 10. a3 Rc8 11. b4 Qc7 12. Rc1 Qb8 13. Qb3 Rfd8 14. h3 Bh7 15. Rfe1
b6 16. cxd5 cxd5 17. Nd4 Qb7 18. Qa4 Nb8 19. b5 Bd6 20. Ne4 Ne8 21. Nxd6 Nxd6
22. Qb4 Qd7 23. a4 Rxc1 24. Rxc1 Rc8 25. Rxc8+ Nxc8 26. Ba3 Qe8 27. e4 dxe4 28.
dxe4 Nd7 29. Qc3 Nf6 30. f3 Qd7 31. Kh2 Ne7 32. Bxe7 Qxe7 33. Qc8+ Qe8 34. Qb7
Qd7 35. Qb8+ Ne8 36. Nc6 1-0

[Event "C.to Regionale Lombardia"]
[Site "Monza ITA"]
[Date "2005.05.15"]
[Round "3"]
[White "Rinaldo, Andrea"]
[Black "Brunelli, Giovanni"]
[Result "1-0"]
[WhiteElo "1748"]
[BlackElo "1956"]
[PlyCount "87"]
[EventDate "2005.05.14"]

1. d4 d5 2. Nf3 Nf6 3. e3 h6 4. Bd3 Nbd7 5. Nbd2 c5 6. c3 e6 7. O-O Bd6 8. e4
cxd4 9. cxd4 dxe4 10. Nxe4 Nxe4 11. Bxe4 Nf6 12. Bd3 Bd7 13. Qe2 Bc6 14. Ne5
O-O 15. Nxc6 bxc6 16. Bd2 Bc7 17. Bc3 Re8 18. Rfe1 Bb6 19. Rad1 Nd5 20. Bc2 f5
21. Qf3 Bc7 22. Re2 Nf4 23. Re3 Nd5 24. Re2 Qg5 25. Bd2 f4 26. Rde1 Qf6 27. Qe4
Re7 28. Qh7+ Kf7 29. Be4 Qg5 30. Bf3 Nf6 31. Qc2 Ng4 32. h3 Nf6 33. Qxc6 Rae8
34. Bb4 Ba5 35. Bxe7 Rxe7 36. Rd1 Bb6 37. Re5 Qg6 38. d5 Bxf2+ 39. Kxf2 Qg3+
40. Kg1 Nxd5 41. Bxd5 f3 42. Bxe6+ Kf6 43. Rf5+ Kg6 44. Rxf3 1-0

[Event "C.to Regionale Lombardia"]
[Site "Monza ITA"]
[Date "2005.05.15"]
[Round "3"]
[White "Sala, Sergio"]
[Black "Crippa, Gabriele"]
[Result "0-1"]
[WhiteElo "1811"]
[BlackElo "2099"]
[PlyCount "56"]
[EventDate "2005.05.14"]

1. e4 d6 2. d4 Nf6 3. Nc3 e5 4. Nf3 exd4 5. Nxd4 Be7 6. Bc4 O-O 7. Bb3 Na6 8.
Be3 Nc5 9. f3 Re8 10. Qd2 c6 11. O-O-O a5 12. g4 Nxb3+ 13. axb3 Nd7 14. h4 Ne5
15. Qf2 b5 16. Bf4 Qc7 17. Kb1 a4 18. bxa4 b4 19. Nce2 Rxa4 20. b3 Ra5 21. Nf5
Bf8 22. Bxe5 dxe5 23. Qe1 Be6 24. Qd2 Rea8 25. Nc1 c5 26. Ne3 c4 27. bxc4 Bxc4
28. Nxc4 Qxc4 0-1